JRE-IKST-015の採用駅 - Statistics

General Stats
  • This quiz has been taken 10 times
    7 since last reset
  • The average score is 23 of 27
Answer Stats
Answer % Correct
横須賀
100%
逗子
100%
品川
100%
新橋
100%
東京
100%
新日本橋
100%
津田沼
100%
久里浜
83%
衣笠
83%
田浦
83%
東逗子
83%
鎌倉
83%
北鎌倉
83%
大船
83%
戸塚
83%
東戸塚
83%
保土ケ谷
83%
横浜
83%
新川崎
83%
武蔵小杉
83%
西大井
83%
馬喰町
83%
錦糸町
83%
新小岩
83%
稲毛
83%
市川
67%
船橋
67%
No matching quizzes found
Score Distribution
Percent of People with Each Score
Percentile by Number Answered
Your Score History
You have not taken this quiz since the last reset